[Event "St Ingbert op 06th"]
[Site "St Ingbert"]
[Date "1992.08.29"]
[Round "9"]
[White "Spiegel, Stefan"]
[Black "Vosgerau, Lutz"]
[Result "0-1"]
[WhiteElo "2262"]
[BlackElo "1872"]
[PlyCount "72"]
[EventDate "1992.08.21"]
[EventType "swiss"]
[EventRounds "9"]
[EventCountry "GER"]
[SourceTitle "EXT 2010"]
[Source "ChessBase"]
[SourceDate "2010.11.25"]
[SourceVersion "1"]
[SourceVersionDate "2010.11.25"]
[SourceQuality "1"]

1. e4 c5 2. f4 Nc6 3. Nf3 g6 4. Bb5 Bg7 5. 0-0 e6 6. Bxc6 bxc6 7. d3 d5 8. Nc3 Rb8 9. Qe1 Ne7 10. Rb1 0-0 11. Bd2 f5 12. e5 d4 13. Na4 Qd5 14. b3 Kh8 15. Bc1 Bh6 16. Qd2 Rd8 17. Ba3 Rb5 18. Rfd1 Ba6 19. c4 dxc3 20. Nxc3 Qd7 21. Nxb5 Bxb5 22. Bxc5 Nd5 23. g3 Nb6 24. Kg2 Qd5 25. d4 Bf8 26. Qb4 Qe4 27. Bxf8 Qe2+ 28. Kg1 Qe3+ 29. Kg2 Qe2+ 30. Kh3 Qxf3 31. Re1 Nd5 32. Qd2 Rxf8 33. Rbc1 g5 34. fxg5 f4 35. Kh4 Ne3 36. Rxe3 fxe3 0-1

[Event "St Ingbert op 06th"]
[Site "St Ingbert"]
[Date "1992.08.26"]
[Round "6"]
[White "Vosgerau, Lutz"]
[Black "Horvath, Gyula"]
[Result "0-1"]
[WhiteElo "1872"]
[BlackElo "2420"]
[PlyCount "42"]
[EventDate "1992.08.21"]
[EventType "swiss"]
[EventRounds "9"]
[EventCountry "GER"]
[SourceTitle "EXT 2010"]
[Source "ChessBase"]
[SourceDate "2010.11.25"]
[SourceVersion "1"]
[SourceVersionDate "2010.11.25"]
[SourceQuality "1"]

1. c4 Nf6 2. Nc3 e5 3. Nf3 Nc6 4. e3 Bb4 5. Qc2 Bxc3 6. Qxc3 Qe7 7. d4 Ne4 8. Qa3 Qxa3 9. bxa3 d6 10. Bb2 exd4 11. exd4 0-0 12. d5 Na5 13. Be2 Re8 14. 0-0 Bg4 15. Rfe1 Bxf3 16. gxf3 Nd2 17. Bc3 Ndxc4 18. Rab1 b6 19. Rbc1 Ne5 20. Bxa5 bxa5 21. Rxc7 Nxf3+ 0-1